000 01015pam a2200313 a 4500
999 _c26902
_d26902
001 3382696
003 OSt
005 20170207090446.0
008 880513s1988 maua b 001 0 eng
010 _a 88015826
020 _a0877734585 :
_c$19.95
040 _aDLC
_cDLC
_dDLC
043 _aa------
050 0 0 _aNK3632 .S74 1988
082 0 0 _a745.6/199
_219
100 1 _aStevens, John,
_d1947-
245 1 0 _aSacred calligraphy of the East /
_cJohn Stevens.
250 _aRev. ed.
260 _aBoston :
_bShambhala :
_bDistributed in the United States by Random House,
_c1988.
300 _axii, 206 p. :
_bill. ;
_c28 cm.
500 _aIncludes index.
504 _aBibliography: p. 201-203.
650 0 _aCalligraphy
_zAsia.
650 0 _aArt and religion
_zAsia.
650 0 _aCalligraphy
_xPhilosophy.
650 0 _aCalligraphy
_xTechnique.
906 _a7
_bcbc
_corignew
_d1
_eocip
_f19
_gy-gencatlg
942 _2lcc
_cBOOKS
_hNK3632 .S74 1988
_k34494